Z úvodní studie k sociálně-ekonomickému rozvoji hlavního města Prahy
Hlavné mesto Praha vstúpilo spolu s celou krajinou do obdobia, ktoré znamená zásadné premeny v jeho vývoji. Koncepčné zámery sociálno-ekonomického rozvoja Prahy. Politická a ekonomická stabilita štátu podmieňuje aj budúcnosť Prahy a jej regiónu. Stratégia ďalšieho rozvoja Prahy ako hlavného mesta v...
Salvato in:
| Autore principale: | |
|---|---|
| Natura: | Capitolo di libro |
| Lingua: | ceco |
| Soggetti: | |
| Tags: |
Nessun Tag, puoi essere il primo ad aggiungerne!!
|
MARC
| LEADER | 00000naa a2200000 4500 | ||
|---|---|---|---|
| 001 | r017331 | ||
| 005 | 20221213083426.1 | ||
| 041 | 0 | |a cze | |
| 044 | |a CZ | ||
| 245 | 1 | 0 | |a Z úvodní studie k sociálně-ekonomickému rozvoji hlavního města Prahy |c J. Haloun |
| 520 | |a Hlavné mesto Praha vstúpilo spolu s celou krajinou do obdobia, ktoré znamená zásadné premeny v jeho vývoji. Koncepčné zámery sociálno-ekonomického rozvoja Prahy. Politická a ekonomická stabilita štátu podmieňuje aj budúcnosť Prahy a jej regiónu. Stratégia ďalšieho rozvoja Prahy ako hlavného mesta v integrovanej Európe. | ||
| 610 | 2 | 0 | |a rozvoj sociálno-ekonomický |
| 610 | 2 | 0 | |a Praha |
| 610 | 2 | 0 | |a veľkomestá |
| 610 | 2 | 0 | |a regióny |
| 610 | 2 | 0 | |a plánovanie územné |
| 100 | 1 | |a Haloun, J. | |